000 00789nam a2200265 4500
001 10215
003 BD-RjUL
005 20211208234920.0
008 140123s1969 nyua 001 0 eng
020 _a0471237450
035 _a(BD-RjUL)10263
040 _aDLC
_cDLC
_dDLC
_dBD-RjUL
_beng
041 _aeng
082 0 0 _a547.1222
_bELE
100 1 _aEliel, Ernest Ludwig,
_d1921-
_931566
245 1 0 _aElements of stereochemistry
_c[by] Ernest L. Eliel. With a section on coordination compounds by F. Basolo.
260 _aNew York :
_bWiley ,
_cc1969 .
300 _avi, 98 p. :
_billus. ;
_c23 cm.
504 _aIncludes index.
650 0 _aStereochemistry.
_931567
700 1 _aBasolo, Fred,
_d1920-
_929023
942 _2ddc
_cBK
999 _c10215
_d10215